30 trường hợp nghiên cứu về hợp đồng nông sản : Tổng quan phân tích
Cuốn sách đưa ra những trường hợp nghiên cứu về những hợp đồng nông sản của Việt Nam đối với những tổ chức đối tác cụ thể, loại nông sản cụ thể, địa phương cụ thể, và người nông dân cụ thể....
Na minha lista:
| Autor Corporativo: | |
|---|---|
| Formato: | Livro |
| Idioma: | Undetermined |
| Publicado em: |
Hà Nội
Ngân hàng Phát triển Châu Á
2007
|
| Assuntos: | |
| Tags: |
Adicionar Tag
Sem tags, seja o primeiro a adicionar uma tag!
|
| Thư viện lưu trữ: | Trung tâm Học liệu Trường Đại học Cần Thơ |
|---|
| LEADER | 01080nam a2200217Ia 4500 | ||
|---|---|---|---|
| 001 | CTU_136517 | ||
| 008 | 210402s9999 xx 000 0 und d | ||
| 082 | |a 381.41 | ||
| 082 | |b A832 | ||
| 110 | |a Ngân hàng phát triển Châu Á | ||
| 245 | 0 | |a 30 trường hợp nghiên cứu về hợp đồng nông sản : | |
| 245 | 0 | |b Tổng quan phân tích | |
| 245 | 0 | |c Ngân hàng phát triển Châu Á | |
| 260 | |a Hà Nội | ||
| 260 | |b Ngân hàng Phát triển Châu Á | ||
| 260 | |c 2007 | ||
| 520 | |a Cuốn sách đưa ra những trường hợp nghiên cứu về những hợp đồng nông sản của Việt Nam đối với những tổ chức đối tác cụ thể, loại nông sản cụ thể, địa phương cụ thể, và người nông dân cụ thể. | ||
| 650 | |a Contracts, Agricultural,Hợp đồng, Nông nghiệp | ||
| 650 | |z Vietnam,Việt Nam | ||
| 904 | |i Trọng Hiếu | ||
| 980 | |a Trung tâm Học liệu Trường Đại học Cần Thơ | ||